000 00505nam a2200181Ia 4500
003 IN-BaIIA
008 211028s9999 xx 000 0 eng d
020 _aNO
040 _cIIA Library
080 _a001.3
_bVIC
100 _aVickery, B C
_93539
245 0 _aClassification and Indexing in science
_cB. C. Vickery
250 _a2nd ed
260 _aLondon
_c1959
300 _axix, 235p.
650 _aAstronomy and Astrophysics Thesaurus
942 _cBK
999 _c1842
_d1842